Projek : Kursus Asas Penilaian Untuk Pembantu Penilaian (4 - 9 November 1996)

Bibliographic Details
Format: Book
Subjects:

MARC

LEADER 00000cam a2200000 7i4500
001 0000005450
005 20000125.0
040 |a INS 
090 0 0 |a J33 
245 0 0 |a Projek :   |b Kursus Asas Penilaian Untuk Pembantu Penilaian (4 - 9 November 1996) 
650 0 0 |a Juruteknik 
999 |a J000000048   |b BOOK   |c Course Notes   |e Default branch 
999 |a J000000368   |b BOOK   |c Course Notes   |e Default branch